Statistiques concernant Tous les pokémon d' Alizée

Cliquez ici pour prendre le quiz!

Statistiques générales

  • Ce quiz a été pris 23 fois
  • Le résultat moyen est 10 sur 14

Statistiques - réponses

HintRéponse% Correct
Altaria
100%
Békipan
100%
Rubis & SaphirHélédelle
100%
Airmure
94%
Noarfang
88%
EmeraudeTylton
81%
Léviator
75%
Tropius
75%
Draco
63%
Dracolosse
63%
Hoothoot
50%
Noir2 & Blanc2Corboss
38%
Cryptéro
38%
Minidraco
38%

Distribution des résultats

Percentile par nombre de réponses

% des personnes avec chaque résultat

Votre développement - résultats

Vous n’avez pas pris ce quiz